000 00367cam a22001217a 4500
008 180718b1958 xxu||||| |||| 00| 0 eng d
082 _aA99 P672
100 _aPisarev, Dmitry
245 _aSelected philosophical, social and political essays
_cby Dmitry Pisarev
260 _aMoscow
_bForeign Languages
_c1958
300 _a711p
650 _aPhilosophy. Social Sciences.
999 _c416170
_d416170